| 000 | 00645nam a2200217 a 4500 | ||
|---|---|---|---|
| 001 | BRCA_7679 | ||
| 005 | 20190320205936.0 | ||
| 008 | 160813s1959----it-a######---#000-0#ita-# | ||
| 041 | _aita | ||
| 044 | _ait | ||
| 050 | 4 |
_aN2880 _b.C38 1959 |
|
| 245 | 1 | 0 |
_aCatalogo Sommario _bdella Galleria Doria Pamphilj in Roma _ca cura di T. H. Fokker. |
| 260 |
_aRoma _bPalazzo Doria Pamphilj _c1959 |
||
| 300 |
_a42 p. _bil., 12 láminas _c19 cm. |
||
| 500 | _aU16 | ||
| 610 | 2 | 4 |
_aGalleria Doria - Pamphilj (Roma) _918956 |
| 650 | 1 | 4 |
_aGalerías y museos _zItalia _97703 |
| 700 | 1 |
_aFokker, Timon Henricus _eed. _918957 |
|
| 902 | _aGFM | ||
| 942 |
_2lcc _cB |
||
| 999 |
_c7353 _d7353 |
||